| 000 | 00445 a2200157 4500 | ||
|---|---|---|---|
| 001 | 157427 | ||
| 020 | _a978-85-03-01019-1 | ||
| 040 | _cEscola São Tomás de Aquino | ||
| 100 | _aGULLAR, Ferreira | ||
| 240 | 1 | 0 |
_aRomances de cordel _l |
| 245 | 1 | 0 | _aRomances de cordel |
| 362 | 0 | _a2012 | |
| 440 | 1 | _aJosé Olympio | |
| 697 | _aLiteratura de cordel Livros de bolso ou folhetos com histórias e músicas populares | ||
| 942 | _cBK | ||
| 999 |
_c157427 _d157427 |
||